Städte Kolumbiens - Statistiken

Allgemein
  • Dieses Quiz wurde 90 mal gespielt
  • Das Durchschnittsergebnis liegt bei 8 aus 20
Antwortstatistiken
Rang Einwoner Stadt % Korrekt
1 7.715.800 Bogotá
99%
2 2.490.200 Medellín
96%
3 2.205.700 Cali
93%
4 1.273.600 Barranquilla
75%
5 914.600 Cartagena
71%
13 484.000 Santa Marta
54%
9 597.300 Bucaramanga
47%
7 748.900 Cúcuta
34%
19 305.400 Pasto
34%
16 399.300 Pereira
33%
11 502.000 Ibagué
28%
15 420.900 Manizales
25%
20 297.100 Armenia
24%
18 340.500 Neiva
20%
14 468.200 Valledupar
18%
12 502.000 Villavicencio
17%
17 395.200 Montería
14%
6 749.000 Soacha
12%
8 664.100 Soledad
11%
10 536.400 Bello
8%
Keine übereinstimmenden Quizze gefunden
Verteilung der Resultate
Anzahl Personen mit jedem Resultat
Perzentil nach korrekt beantworteten Fragen
Ihre Resultats-Entwicklung
Sie haben dieses Quiz noch nicht gespielt